| 000 | 00748nam a2200229 u 4500 | ||
|---|---|---|---|
| 005 | 20260415064219.0 | ||
| 008 | 091124s2005 fr r 000 0 fre d | ||
| 020 | _a9782090331196 | ||
| 035 | _aUPN01000173919 | ||
| 049 | _aCG | ||
| 050 | 4 |
_aPC2111 _bT3.38 |
|
| 100 | 1 | _aTagliante, Christine | |
| 245 | 1 | 0 |
_aL'évaluation : _bet le cadre européen commun / _cChristine Tagliante. |
| 260 |
_aParis : _bCLE International, _cc2005. |
||
| 300 |
_a207 p. : _bil. |
||
| 440 | 0 | _aTechniques et pratiques de classe | |
| 590 | _a(También localizas un ejemplar en el "Area de Reserva") | ||
| 590 | _aBibliografía Básica (BGTQ), 2009 | ||
| 650 | 4 |
_aFrancés _xEstudio y enseñanza _913059 |
|
| 650 | 4 |
_aEvaluación educativa _94298 |
|
| 905 | _aLibro | ||
| 999 |
_c146023 _d146023 |
||